Flags To Languages - Statistics

General Stats
  • This quiz has been taken 146 times
  • The average score is 13 of 16
Answer Stats
Picture Answer % Correct
French
98%
German
98%
Arabic
97%
Spanish
96%
Portuguese
94%
Dutch
91%
English
91%
Albanian
88%
Bengali
83%
Bosnian
80%
Armenian
75%
Belarusian
75%
Azerbaijani
70%
Pashto
64%
Dzongkha
59%
Catalan
52%
No matching quizzes found
Score Distribution
Percent of People with Each Score
Percentile by Number Answered
Your Score History
You have not taken this quiz